The journal of agricultural science

Detalles Bibliográficos
Formato: Electrónico Revista
Lenguaje:inglés
Publicado: [Cambridge, England] : Cambridge University Press
Materias:
Acceso en línea:Full text available from Research Library: 11/01/2001 to 1 year ago

MARC

LEADER 00000nas a2200000 a 4500
001 ssj0007098
003 WaSeSS
005 20200512172242.0
006 m d
007 cr n
008 000407c19069999enkmx pss 0 a0eng c
010 |a  2007233699 
015 |a GBB404961  |2 bnb 
016 7 |a 1498349-7  |2 DE-600 
016 7 |a 011458572  |2 Uk 
022 |a 1469-5146  |l 0021-8596  |y 0021-8596 
030 |a JASIAB 
035 |a (WaSeSS)ssj0007098 
040 |a F#A  |b eng  |e pn  |c F#A  |d OCLCQ  |d OCL  |d UV0  |d GUA  |d HEBIS  |d OCLCQ  |d OCLCF  |d OCLCE  |d AZU  |d Z5A  |d CUD  |d CUS  |d OCLCO  |d OCLCQ  |d OCLCO  |d OCLCQ  |d VT2  |d DEFHM  |d OCLCO  |d OCLCA  |d OCLCQ  |d OCLCA  |d NLE  |d U3W  |d AU@  |d OCLCO  |d WYU  |d UKMGB  |d OCLCA  |d AUD  |d YOU  |d SFB  |d DLC  |d WaSeSS 
042 |a pcc  |a dlr 
050 0 0 |a S3 
060 1 0 |a W1  |b JO534J 
082 0 |a 630 
210 0 |a J. agric. sci.  |b (Online) 
222 0 |a Journal of agricultural science  |b (Online) 
245 0 4 |a The journal of agricultural science  |h [electronic resource]. 
260 |a [Cambridge, England] :  |b Cambridge University Press 
310 |a Ten issues per year,  |b 2017- 
321 |a Bimonthly,  |b 2004- 
321 |a Eight no. a year,  |b <1997>-2003 
362 1 |a Began with v. 1 (1905/06). 
506 |a License restrictions may limit access. 
538 |a Master and use copy. Digital master created according to Benchmark for Faithful Digital Reproductions of Monographs and Serials, Version 1. Digital Library Federation, December 2002.  |u http://purl.oclc.org/DLF/benchrepro0212  |5 MiAaHDL 
538 |a Master and use copy. Digital master created according to Biodiversity Heritage Library Digital Imaging Specifications.  |u http://biodivlib.wikispaces.com/Digital+Imaging+Specifications  |5 DcWaBHL 
583 1 |a digitized  |c 2010  |h HathiTrust Digital Library  |l committed to preserve  |5 MiAaHDL  |2 pda 
583 1 |a digitized  |c 2010  |h Biodiversity Heritage Library  |l committed to preserve  |2 pda  |5 DcWaBHL 
588 |a Description based on: Vol. 128, issue 1 (Feb. 1997); title from contents screen (Cambridge Journals, viewed Aug. 13, 2007). 
588 |a Latest issue consulted: Vol. 157, issues 9/10 (Dec. 2019) (Cambridge Journals online, viewed May 6, 2020). 
650 0 |a Agriculture  |v Periodicals. 
650 6 |a Agriculture  |v Périodiques. 
650 7 |a Agriculture.  |2 fast  |0 (OCoLC)fst00801355 
650 1 7 |a Landbouwkunde.  |2 gtt 
650 7 |a Nutzpflanzen  |2 gnd 
650 7 |a Biologie  |2 gnd 
650 7 |a Zeitschrift  |2 gnd 
650 7 |a Online-Ressource  |2 gnd 
650 7 |a Nutztiere  |2 gnd 
650 7 |a Agrarforschung  |2 gnd 
650 2 |a Agriculture  |v Periodicals. 
650 2 |a Agriculture. 
655 0 |a Electronic journals. 
776 0 8 |i Print version:  |t Journal of agricultural science  |x 0021-8596  |w (DLC) 43048696  |w (OCoLC)1782362 
850 |a DLC 
856 4 0 |z Full text available from Research Library: 11/01/2001 to 1 year ago  |u https://search.proquest.com/publication/49001